书目信息 |
| 题名: |
史记精读
|
|
| 作者: | 陈正宏 著 | |
| 分册: | ||
| 出版信息: | 上海 复旦大学出版社 2005 |
|
| 页数: | 248页 | |
| 开本: | 23cm | |
| 丛书名: | 汉语言文学原典精读系列 | |
| 单 册: | ||
| 中图分类: | K204.2 | |
| 科图分类: | ||
| 主题词: | 史记--高等学校--教材 | |
| 电子资源: | ||
| ISBN: | 7-309-04767-2 | |
| 000 | 01291nam0 2200337 450 | |
| 000 | 01254nam0 2200325 450 | |
| 000 | 01223nam0 2200325 450 | |
| 000 | 01169nam0 2200301 450 | |
| 000 | 01198nam0 2200289 450 | |
| 000 | 01161nam0 2200277 45 | |
| 001 | TS2006035569 | |
| 005 | 20061203170921.26 | |
| 010 | @a7-309-04767-2@dCNY26.00 | |
| 100 | @a20060829d2005 ekmy0chiy0120 ea | |
| 101 | 0 | @achi |
| 102 | @aCN@b310000 | |
| 105 | @ay a 000yy | |
| 200 | 1 | @a史记精读@AShi Ji Jing Dou@f陈正宏著@FChen Zheng Hong Zhu |
| 210 | @a上海@c复旦大学出版社@d2005 | |
| 215 | @a248页@d23cm | |
| 225 | 2 | @a汉语言文学原典精读系列@f陈思和,汪涌豪主编 |
| 320 | @a有书目(240-248页) | |
| 330 | @a全书选取《史记》的《殷本纪》、《六国年表》、《河渠书》、《越王勾践世家》、《伯夷列传》、《刺客列传》、《刘敬叔孙通列传》、《太史公自序》八篇,逐篇逐段加以通俗而详明的讲解。所选篇目既涵盖《史记》五体,又大致包括了其作为通史本身原有的叙述时段(先秦至西汉)。 | |
| 410 | 0 | @12001 @a汉语言文学原典精读系列 |
| 606 | 0 | @a史记@x高等学校@x教材 |
| 690 | @aK204.2@v4 | |
| 701 | 0 | @a陈正宏@AChen Zheng Hong@4著 |
| 801 | 0 | @aCN@b中图数据@c20061203 |
| 905 | @a10447@dK204.2@e102 | |
| 史记精读/陈正宏著.-上海:复旦大学出版社,2005 |
| 248页;23cm.-(汉语言文学原典精读系列/陈思和,汪涌豪主编) |
| ISBN 7-309-04767-2:CNY26.00 |
| 全书选取《史记》的《殷本纪》、《六国年表》、《河渠书》、《越王勾践世家》、《伯夷列传》、《刺客列传》、《刘敬叔孙通列传》、《太史公自序》八篇,逐篇逐段加以通俗而详明的讲解。所选篇目既涵盖《史记》五体,又大致包括了其作为通史本身原有的叙述时段(先秦至西汉)。 |
| ● |
| 相关链接 |
|
|
|
|
正题名:史记精读
索取号:K204.2/102
 
预约/预借
| 序号 | 登录号 | 条形码 | 馆藏地/架位号 | 状态 | 备注 |
| 1 | 0604184 | 206041843 | 第二样本阅览室/ [索取号:K204.2/102] | 在馆 | |
| 2 | 0604185 | 206041852 | 第二借阅区/ [索取号:K204.2/102] | 在馆 | |
| 3 | 0604186 | 206041861 | 第二借阅区/ [索取号:K204.2/102] | 在馆 | |
| 4 | 0604187 | 206041870 | 第二借阅区/ [索取号:K204.2/102] | 在馆 | |
| 5 | 0604188 | 206041889 | 第二借阅区/ [索取号:K204.2/102] | 在馆 | |
| 6 | 0604189 | 206041898 | 第二借阅区/ [索取号:K204.2/102] | 在馆 |